Statistics for Camouflaged Capital Cities #2

Click here to take the quiz!

General Stats

  • This quiz has been taken 39 times
  • The average score is 9 of 10

Answer Stats

HintCapital% Correct
One below par is not good enough to win todayParis
100%
Benjamin skated for the US Olympic teamMinsk
93%
The robber lingered in the house for too longBerlin
93%
If it has to be, I ruthlessly defend my civil rightsBeirut
90%
There are too many brothels in KiribatiHelsinki
86%
At the bank, I eventually opened an accountKiev
83%
My stupid hamster damaged my new carpetAmsterdam
83%
The veal is bony and tough - I want a refund!Lisbon
83%
To purchase a car, a cash payment is necessaryCaracas
79%
The people must boycott a war in AfghanistanOttawa
76%

Score Distribution

Percentile by Number Answered

Percent of People with Each Score

Your Score History

You have not taken this quiz